000 00557nam a2200181Ia 4500
008 100917s9999 xx 000 0 und d
082 _b33302
100 _aअभ्यंक र कुसुम
245 _aमी हरले ती जिंकली
260 _bदिपज्योती प्रकाशन
_c1975
300 _a199
365 _b16
520 _aकथा
630 _aमी हरले ती जिंकली
650 _aकथा
730 _aमी हरले ती जिंकली
942 _cBOOK
999 _c638696
_d638693